Krysař /
Básnická próza inspirovaná romantickým saským motivem ze 13. století.
Uloženo v:
| Hlavní autor: | |
|---|---|
| Médium: | E-kniha |
| Jazyk: | Czech |
| Vydáno: |
V Praze :
CooBoo,
2025
|
| Vydání: | 1. vydání v CooBoo |
| Edice: | CooBoo Classics
|
| Témata: | |
| Tagy: |
Žádné tagy |
| LEADER | 02179nam a2200397 i 4500 | ||
|---|---|---|---|
| 001 | 312845 | ||
| 003 | CZ PrSKC | ||
| 005 | 20260601215729.0 | ||
| 007 | ta | ||
| 008 | 251024s2025 xr g 000 j cze | ||
| 015 | |a cnb003716005 | ||
| 020 | |a 9788026740070 |q (vázáno) : |c Kč 269,00 | ||
| 035 | |a (OCoLC)1559931944 | ||
| 040 | |a ABG001 |b cze |e rda | ||
| 072 | 7 | |a 821.162.3-3 |x Česká próza |2 Konspekt | |
| 080 | |a 821.162.3-32 |2 MRF | ||
| 080 | |a (0:82-32) |2 MRF | ||
| 100 | 1 | |a Dyk, Viktor, |d 1877-1931 |7 jk01030247 |4 aut | |
| 245 | 1 | 0 | |a Krysař / |c Viktor Dyk |
| 250 | |a 1. vydání v CooBoo | ||
| 264 | 1 | |a V Praze : |b CooBoo, |c 2025 | |
| 300 | |a 115 stran ; |c 21 cm | ||
| 336 | |a text |b txt |2 rdacontent | ||
| 337 | |a bez média |b n |2 rdamedia | ||
| 338 | |a svazek |b nc |2 rdacarrier | ||
| 490 | 1 | |a CooBoo Classics ; |v svazek 16 | |
| 520 | 2 | |a Básnická próza inspirovaná romantickým saským motivem ze 13. století. |b Potulný krysař na žádost občanů očistil hanzovní město Hammeln od krys. Když ale nedostal slíbenou odměnu, odvedl za trest jeho obyvatelům děti, aby z nich založil kolonii sedmihradských Sasů. Dykův krysař je romantický hrdina s tuláckým srdcem, který odvádí celé město do zkázy jako trest za zklamání v lásce. Propast na hoře Koppel je otevřena a v ní mizí celé hanzovní město, jehož obyvatelé nepochopili hrdinovu snahu o očistu ani velikost jeho lásky. Nakonec zmizí v propasti i krysař sám jako zosobnění lidské touhy po lásce i jako symbol věčného zklamání. | |
| 655 | 7 | |a české novely |7 fd133969 |2 czenas | |
| 655 | 9 | |a Czech novellas |2 eczenas | |
| 830 | 0 | |a CooBoo Classics | |
| 900 | |a ABA001 |b 19 | ||
| 928 | 9 | |a Albatros Media - CooBoo | |
| 044 | |a xr | ||
| 910 | |a RBIT002 | ||
| 998 | |d 423078 |a https://core.palmknihy.cz/api/books/423078/cover?t45icm |b https://core.palmknihy.cz/api/books/423078/cover/400?t45icm |c https://core.palmknihy.cz/api/books/423078/cover/50?t45icm |e 2035-12-31 |g 120 |i 9788026740070 |j https://core.palmknihy.cz/api/books/423078/preview.epub |k https://core.palmknihy.cz/api/books/423078/preview.pdf |l |q 49 |r 1 |s https://www.palmknihy.cz/kniha/423078 |t ebook |y 2025 |z 0 | ||
| 999 | |d 312843 | ||